000 00493nam a22001817a 4500
999 _c7221
_d7221
003 OSt
005 20210910114425.0
008 210910b ||||| |||| 00| 0 eng d
040 _cDDC
082 _aWN200 W269r 2000
100 _aWasan, Rema: Grundy, Alan: Beese,Richard
_914844
245 _aRadiology Casebook for Medical Students.
260 _aKnutsford:
_bPasrest
_c2000
300 _axx,170p.:
_bill;
_c18cm.
504 _aIncludes Index.
650 _aRadiology.
_947
942 _2z
_cBOOK